• 首页
  • 本馆介绍
  • 公告通知
  • 最新文献
  • 馆藏检索
  • 电子资源
  • 读者导购
  • 参考咨询
  • 我的图书馆
  • 登录
  • 详细信息显示
  • 放入我的书架
  • 预约/预借图书
  • 作者相关作品
  • 分类相关作品
  • 丛书相关作品
  • 出版社相关作品

书目信息

  • 表格格式
  • 工作单格式
  • 卡片格式
题名:
古筝曲谱
    
 
作者: 李萌 执行主编 ;中央音乐学院 , 人民音乐出版社 编
分册: 二  
出版信息: 北京   人民音乐出版社  2003
页数: 269-519页
开本: 30cm
丛书名: 中国民族器乐曲博览
单 册:
中图分类: J648.32
科图分类:
主题词: 筝--器乐曲--中国--选集 , 筝 , 器乐曲
电子资源:
ISBN: 7-103-02577-0
000 01046ocm2 2200289 450
001 002567915
005 20070806093952.32
010    @a7-103-02577-0@dCNY123.90(全三册)
100    @a20040202d2003 em y0chiy0110 ea
101 0  @achi
102    @aCN@b110000
105    @ag z 000yy
200 1  @a古筝曲谱@9gu zheng qu pu@h二@f李萌执行主编@g中央音乐学院民乐系,人民音乐出版社编辑部编
210    @a北京@c人民音乐出版社@d2003
215    @a269-519页@d30cm
225 2  @a中国民族器乐曲博览@i独奏乐曲
330    @a本曲谱分为传统筝曲、现代筝曲两部分。共收入了《美女思乡》、《打秋千》、《高山流水》、《三十三板》、《四合如意》等212首曲谱。
461  0 @12001 @a中国民族器乐曲博览@i独奏乐曲
606 0  @a筝@x器乐曲@y中国@j选集
606 0  @a筝
606 0  @a器乐曲
690    @aJ648.32@v4
701  0 @a李萌@9li meng@c(古筝教授)@4执行主编
712 02 @a中央音乐学院@9zhong yang yin yue xue yuan@b民乐系@4编
712 02 @a人民音乐出版社@9ren min yin yue chu ban she@b编辑部@4编
801  0 @aCN@bNLC@c20070806
905    @a10447@dJ648.32@e133:2
    
    古筝曲谱.二/李萌执行主编/中央音乐学院民乐系,人民音乐出版社编辑部编.-北京:人民音乐出版社,2003
    269-519页;30cm.-(中国民族器乐曲博览.独奏乐曲)
    
    
    ISBN 7-103-02577-0:CNY123.90(全三册)
    本曲谱分为传统筝曲、现代筝曲两部分。共收入了《美女思乡》、《打秋千》、《高山流水》、《三十三板》、《四合如意》等212首曲谱。
●
相关链接 在E读中查询图书 在五车中查询图书 在当当中查询图书 在豆瓣中查询图书


正题名:古筝曲谱     索取号:J648.32/133:2         预约/预借

序号 登录号 条形码 馆藏地/架位号 状态 备注
1 0807105   208071058   第一样本阅览室/ [索取号:J648.32/133:2] 在馆    
2 0807106   208071067   第一借阅区/ [索取号:J648.32/133:2] 在馆    
3 0807107   208071076   第一借阅区/ [索取号:J648.32/133:2] 在馆    
4 0807108   208071085   第一借阅区/ [索取号:J648.32/133:2] 在馆    
5 0807109   208071094   密集书库-音乐系/ [索取号:J648.32/133:2] 在馆    
唐山师范学院图书馆 欢迎您!
大连网信软件有限公司© 版权所有